[Event "AUTO-INT-2402"]
[Site "http://www.queenalice.com/game.php?id=1091027"]
[Date "2012.8.7"]
[Round "1"]
[White "PioDeCuritiba"]
[Black "tkasper"]
[Result "1-0"]
[WhiteElo "1564"]
[BlackElo "1674"]

1. e4 e5 2. d4 d6 3. dxe5 Qe7 4. f4 dxe5 5. f5 Qh4+ 6. g3 Qxe4+ 7. Qe2 Qxh1 8.
Nf3 Be7 9. Bh6 Nxh6 10. Nbd2 O-O 11. O-O-O b6 12. Bg2 Ba6 13. c4 Bxc4 14. Nxc4
Bg5+ 15. Kc2 Qxd1+ 16. Qxd1 Bf6 17. Nfxe5 Rd8 18. Qh5 1-0

[Event "AUTO-INT-2402"]
[Site "http://www.queenalice.com/game.php?id=1091028"]
[Date "2012.8.7"]
[Round "1"]
[White "tkasper"]
[Black "ac2012"]
[Result "0-1"]
[WhiteElo "1654"]
[BlackElo "1916"]

1. d4 d6 2. e4 c6 3. Bd2 Nd7 4. Nf3 e6 5. Nc3 Ngf6 6. Bd3 e5 7. O-O Be7 8. Bc4
Nb6 9. Re1 Nxc4 10. b3 Nxd2 11. Nxd2 exd4 12. Ne2 c5 13. f3 O-O 14. h3 b6 15. g4
h6 16. Nf1 a5 17. f4 Nxe4 18. Neg3 Nxg3 19. Nxg3 Re8 20. Qd3 Bh4 21. Rxe8+ Qxe8
22. Nf1 Bb7 23. Nh2 Qe3+ 24. Qxe3 dxe3 25. Kf1 Re8 26. Ke2 d5 27. g5 hxg5 28. f5
d4 29. Rg1 f6 30. c4 Be4 31. Rd1 Bxf5 32. Rf1 d3+ 0-1

[Event "AUTO-INT-2402"]
[Site "http://www.queenalice.com/game.php?id=1091029"]
[Date "2012.8.7"]
[Round "1"]
[White "ac2012"]
[Black "tkasper"]
[Result "1-0"]
[WhiteElo "1837"]
[BlackElo "1648"]

1. e4 e5 2. Nf3 d6 3. Nc3 c6 4. h3 a6 5. Bc4 Be6 6. Bb3 d5 7. exd5 cxd5 8. Nxe5
d4 9. Ne2 Bxb3 10. axb3 Qe7 11. Nd3 g6 12. O-O Bg7 13. Re1 Qh4 14. g3 Qg5 15.
Nxd4+ Ne7 16. Nf3 Qf6 17. Nc5 Ra7 18. d3 h6 19. Be3 b6 20. Ne4 Qxb2 21. Bxb6 Rd7
22. Qd2 Nd5 23. Reb1 Bc3 24. Rxb2 Bxd2 25. Bd4 Nc6 26. Bxh8 Bb4 27. Rxa6 Rc7 28.
c4 Nb8 29. Ra8 Be7 30. Rxb8+ Bd8 31. Re2 f5 32. Nf6+ Kf7 33. Rxd8 Nxf6 34. Bxf6
Kxf6 35. Ree8 Kg7 36. Rc8 Rd7 37. Red8 Rb7 38. Rb8 Re7 39. Kf1 Kf7 40. Rf8+ Kg7
41. Rg8+ Kf7 42. Rbf8+ 1-0

[Event "AUTO-INT-2402"]
[Site "http://www.queenalice.com/game.php?id=1091030"]
[Date "2012.8.7"]
[Round "1"]
[White "tkasper"]
[Black "Ricardoabreu"]
[Result "0-1"]
[WhiteElo "1695"]
[BlackElo "1575"]

1. e4 b6 2. d4 g6 3. Nf3 d6 4. Be3 Bb7 5. Bd3 Bg7 6. O-O Nf6 7. Nc3 Na6 8. a3
Qd7 9. Re1 O-O-O 10. Ng5 Rdf8 11. g3 e6 12. Nf3 h5 13. b4 d5 14. Bf4 dxe4 15.
Bxe4 Bxe4 16. Nxe4 Nxe4 17. Rxe4 f5 18. Re3 Rd8 19. Qd3 Nb8 20. Qc3 Nc6 21. Rae1
Rhe8 22. Be5 Nxe5 23. dxe5 Qb5 24. Nd4 Qd7 25. f4 Qxd4 26. Kg2 Qxc3 27. Rxc3
Rd2+ 28. Kh3 Rf2 29. Rh1 Kd8 30. g4 hxg4+ 31. Kg3 Rd2 32. h4 Kc8 33. h5 Rh8 34.
a4 Rxh5 0-1

[Event "AUTO-INT-2402"]
[Site "http://www.queenalice.com/game.php?id=1091031"]
[Date "2012.8.7"]
[Round "1"]
[White "Ricardoabreu"]
[Black "tkasper"]
[Result "0-1"]
[WhiteElo "1599"]
[BlackElo "1682"]

1. b3 Nc6 2. Bb2 e5 3. e3 d6 4. g3 g6 5. Bg2 Nf6 6. Na3 d5 7. Bf1 Bg7 8. Bg2 O-O
9. Nh3 Re8 10. O-O Bf5 11. d3 Qd7 12. Ng5 h5 13. d4 Ne4 14. Nxe4 dxe4 15. Nc4
exd4 16. a3 Rad8 17. Qd2 Bh3 18. Rad1 Qg4 19. Qe1 Ne5 20. Nxe5 Bxe5 21. exd4 Bf6
22. a4 c5 23. Qe3 Kf8 24. Bc3 b6 25. dxc5 Rxd1 26. Rxd1 Bxc3 27. Qxc3 Qxd1+ 28.
Qe1 Qxe1+ 0-1

[Event "Challenge"]
[Site "http://www.queenalice.com/game.php?id=1093168"]
[Date "2012.8.14"]
[Round "-"]
[White "tkasper"]
[Black "juanzv"]
[Result "0-1"]
[WhiteElo "1623"]
[BlackElo "2083"]

1. d4 d5 2. e3 c6 3. Be2 Nf6 4. Nc3 Nbd7 5. Nf3 Qc7 6. g3 e5 7. e4 dxe4 8. Bg5
exf3 9. Bxf3 exd4 10. Qxd4 Qe5+ 11. Ne2 Qxg5 12. O-O Bc5 13. Qc4 O-O 14. Nc3 Nb6
15. Qd3 Bf5 16. Qe2 Rfe8 17. Qd1 Rad8 18. Qc1 Qxc1 19. Raxc1 Nc4 20. Na4 Bb6 21.
Nxb6 axb6 22. h3 Nd2 23. Bg4 Bxg4 24. hxg4 Nxf1 25. Kxf1 Nxg4 26. f3 Ne3+ 27.
Kf2 Nd1+ 0-1

[Event "Challenge"]
[Site "http://www.queenalice.com/game.php?id=1097042"]
[Date "2012.8.27"]
[Round "-"]
[White "soudeDeus"]
[Black "tkasper"]
[Result "1-0"]
[WhiteElo "1527"]
[BlackElo "1654"]

1. g3 e5 2. Bg2 Nf6 3. b3 g6 4. Bb2 d6 5. e3 Nbd7 6. f4 Be7 7. Na3 O-O 8. Nh3
Rb8 9. Rb1 b6 10. Rg1 Nc5 11. d4 Nce4 12. Nf2 Nxf2 13. Kxf2 d5 14. dxe5 Ng4+ 15.
Ke2 Qd7 16. h3 Ba6+ 17. c4 Nh2 18. Rh1 Ng4 19. hxg4 Qxg4+ 20. Kf2 Qf5 21. cxd5
Rbd8 22. Nc4 Bxc4 23. bxc4 a5 24. e4 Qc8 25. a4 h5 26. Bh3 Qa8 27. f5 Bc5+ 28.
Bd4 Qa6 29. Bxc5 bxc5 30. Bf1 Qc8 31. Rb5 c6 32. Rxc5 Qb8 33. Qd4 f6 34. exf6
Rd6 35. e5 Rdd8 36. fxg6 cxd5 37. cxd5 Rd7 38. g7 Rfd8 39. Bc4 Rb7 40. Rxh5 1-0

[Event "Challenge"]
[Site "http://www.queenalice.com/game.php?id=1097347"]
[Date "2012.8.28"]
[Round "-"]
[White "tkasper"]
[Black "Aldo2020"]
[Result "0-1"]
[WhiteElo "1621"]
[BlackElo "1588"]

1. d4 e6 2. e4 Qh4 3. Nf3 Qxe4+ 4. Be2 Bb4+ 5. Nc3 Qg4 6. g3 Qh3 7. Bd2 Nf6 8.
Bf1 Qh5 9. Qe2 d5 10. O-O-O Nc6 11. Qd3 Ng4 12. Be2 f5 13. h3 Nxf2 14. Qe3 Nxh1
15. Ne5 Qxh3 16. Nd3 O-O 17. Nf2 Nxf2 18. Qxf2 e5 19. a3 Ba5 20. Nxd5 Be6 21.
Bxa5 Bxd5 22. Bf3 Bxf3 23. Qxf3 Nxa5 24. Rh1 e4 25. Qd1 Qxg3 26. b3 Qc3 27. Kb1
Rfd8 28. Qf1 Rxd4 29. Rg1 Nxb3 30. cxb3 Qxb3+ 0-1

[Event "Challenge"]
[Site "http://www.queenalice.com/game.php?id=1104172"]
[Date "2012.9.18"]
[Round "-"]
[White "tkasper"]
[Black "Aldo2020"]
[Result "0-1"]
[WhiteElo "1497"]
[BlackElo "1588"]

1. d4 Nf6 2. Nc3 d5 3. f3 e6 4. e4 h5 5. Bd3 a5 6. Be3 h4 7. Nge2 Bd6 8. O-O Rh5
9. e5 Bxe5 10. dxe5 Rxe5 11. Bf4 Rh5 12. h3 Kd7 13. Qe1 Qg8 14. Qf2 g5 15. Be5
Qg6 16. Bxg6 Rh6 17. Bxf7 Nh7 18. Qc5 Na6 19. Qa3 Nb4 20. Qa4+ c6 21. Qxb4 axb4
22. Nd1 Ke7 23. Bg8 Nf8 24. f4 Rg6 25. fxg5 Rxg8 26. c4 Ng6 27. Bh2 dxc4 28. Rc1
b5 29. Nf2 Ra6 30. Ra1 e5 31. Ne4 b3 32. a3 Ra4 33. Nc1 c3 34. Nxc3 Ra5 35. Nxb3
Ra6 36. Rfe1 Kd6 37. Rf1 Ke7 38. Nc5 Ra5 39. Rae1 Kd6 40. b4 Rxa3 41. Rf6+ Kc7
42. g4 Rxc3 43. Rxe5 Nxe5 44. Bxe5+ Kb6 45. Bxc3 Rxg5 46. Bd4 Rd5 47. Nb3+ Kc7
48. Bf2 Rd3 49. Nd4 Bb7 50. g5 c5 51. Rf7+ Kb6 52. bxc5+ Ka6 53. Rf6+ Ka5 54. c6
Ba8 55. Ne2 Rxh3 56. g6 Rd3 0-1

[Event "OS INCLIVEIS"]
[Site "http://www.queenalice.com/game.php?id=1104177"]
[Date "2012.9.18"]
[Round "-"]
[White "adelio"]
[Black "tkasper"]
[Result "1-0"]
[WhiteElo "1789"]
[BlackElo "1633"]

1. f4 c5 2. c4 f5 3. Nc3 Nf6 4. e3 d6 5. b3 g6 6. Nf3 Nc6 7. h4 Bg7 8. a3 O-O 9.
Ra2 Be6 10. d3 d5 11. h5 gxh5 12. Ng5 Bd7 13. g3 a6 14. Rah2 1-0

[Event "AUTO-ADV-2745"]
[Site "http://www.queenalice.com/game.php?id=1146496"]
[Date "2013.1.29"]
[Round "1"]
[White "mitsho"]
[Black "tkasper"]
[Result "1-0"]
[WhiteElo "1820"]
[BlackElo "1506"]

1. d4 d5 2. c4 Nf6 3. Nc3 g6 4. Nf3 e6 5. e3 c6 6. b3 Bb4 7. Bd2 Ne4 8. Nxe4
dxe4 9. Bxb4 Na6 10. Qd2 b6 11. Ne5 c5 12. Ba3 Qc7 13. Be2 O-O 14. O-O Rd8 15.
f3 f6 16. Ng4 Kg7 17. fxe4 Qc6 18. d5 Qb7 19. Bb2 Rf8 20. Bxf6+ Kf7 21. Bg5+ Kg7
22. Qc3+ Kg8 23. Nf6+ Kf7 24. Nxh7+ Ke8 25. Rxf8+ Kd7 26. Qg7+ 1-0

[Event "AUTO-ADV-2745"]
[Site "http://www.queenalice.com/game.php?id=1146497"]
[Date "2013.1.29"]
[Round "1"]
[White "tkasper"]
[Black "mitsho"]
[Result "0-1"]
[WhiteElo "1501"]
[BlackElo "1802"]

1. e4 c5 2. d3 Nc6 3. Bd2 Nf6 4. Nc3 e6 5. Nf3 d5 6. exd5 Nxd5 7. Ng5 Be7 8. Qf3
Bxg5 9. Ne4 Bxd2+ 10. Nxd2 Ne5 11. Qh5 Ng6 12. g3 b6 13. Bg2 Bb7 14. O-O Nf6 15.
Qe2 Bxg2 16. Kxg2 O-O 17. Rae1 Nd5 18. c4 Nb4 19. Rd1 Qxd3 20. Qg4 Rad8 21. h4
Ne5 22. Qf4 Nbc6 23. Rfe1 Ng6 24. Qc7 Nge5 25. Nf1 Qf3+ 26. Kg1 Rxd1 27. Rxe5
Nxe5 28. Qxe5 Qd3 0-1

[Event "Let's Play Chess!"]
[Site "http://www.queenalice.com/game.php?id=1411604"]
[Date "2016.3.1"]
[Round "-"]
[White "tkasper"]
[Black "josebaron"]
[Result "0-1"]
[WhiteElo "1485"]
[BlackElo "2028"]

1. Nc3 e5 2. e4 Nf6 3. f3 Bc5 4. Nh3 d6 5. g4 h6 6. a3 a5 7. Na4 b6 8. c3 Ba6 9.
Bg2 b5 10. d4 exd4 11. cxd4 Bb6 12. Nxb6 cxb6 13. O-O O-O 14. Bf4 b4 15. e5 dxe5
16. Bxe5 Bxf1 17. Bxf1 Nbd7 18. g5 hxg5 19. Nxg5 Nxe5 20. Qc2 Qxd4+ 21. Kh1 Ng6
22. Nxf7 Rxf7 23. Rd1 Qf4 24. Qxg6 Qxf3+ 0-1